Quiz o Ciechocinku - Statystyki

Ogólne statystyki
  • Ten quiz został rozwiązany 5 razy
  • Średni wynik to 8 z 20
Statystyki odpowiedzi
Wskazówka Odpowiedź % Poprawnych
Tablice rejestracyjne CAL
100%
Największy park w mieście Park {Zdrojowy}
100%
Rzeka w mieście Wisła
100%
Autostrada na której znajduję się węzeł drogowy "Ciechocinek" A1
75%
Słynna fontanna w mieście, są na niej postacie z pewnej baśni Fontanna {Jaś i Małgosia}
75%
Ciechocinek jest miastem o charakterze...? Uzdrowiskowym
75%
Imiona dwóch zakochanych w legendzie o nazwie Ciechocinka Ciech
50%
Artykuł spożywczy kojarzony z miastem Sól
50%
Budowla ukazana na herbie Tężnia
50%
Kod pocztowy 87-720
25%
Co powróciło do Ciechocinka 14 grudnia 2025 roku, po 14 latach? Kolej pasażerska
25%
Zabytkowy budynek związany z tym artykułem spożywczym Warzelnia soli
25%
Rok nadania praw miejskich 1916
0%
Imiona dwóch zakochanych w legendzie o nazwie Ciechocinka Cina
0%
Twórca powyższego parku Hipolit Cybulski
0%
Burmistrz miasta Jarosław Jucewicz
0%
Twórca i prezes Towarzystwa Przyjaciół Ciechocinka, profesor Uniwersytetu Warszawskiego Leonard Lorentowicz
0%
Polski generał z pomnikiem w Ciechocinku, został odsłonięty w 1929 roku Romuald Traugutt
0%
Wyspa w mieście Wyspa {Dzikowska}
0%
Polski poeta, urodzony w Ciechocinku Zygmunt Dmochowski
0%
Nie znaleziono quizów pasujących do podanych kryteriów
Rozkład punktacji
Procent ludzi z każdym wynikiem
Percentyl według liczby udzielonych odpowiedzi
Twoja historia wyników
Nie rozwiązałeś tego quizu